Lecciones de integración económica centroamericana

Estudia el proceso de integración centroamericana. Analiza las características de la economía de la región desde la colonia hasta 1950. Examina las condiciones de Centroamérica en los inicios de la integración. Estudia el comercio regional durante la década de los cincuenta. Señala la forma en que s...

Szczegółowa specyfikacja

Zapisane w:
Opis bibliograficzny
1. autor: Fonseca Zúñiga, Gautama
Format: Texto
Wydane: San José: ICAP
Hasła przedmiotowe:
Etykiety: Dodaj etykietę
Nie ma etykietki, Dołącz pierwszą etykiete!

MARC

LEADER 00000 a a2200000 04500
001 20225
003
040
090 |a 083600  
100 |a Fonseca Zúñiga, Gautama  
245 |a Lecciones de integración económica centroamericana  
260 |a San José:   |b ICAP  
300 |a 173 p.  
520 |a Estudia el proceso de integración centroamericana. Analiza las características de la economía de la región desde la colonia hasta 1950. Examina las condiciones de Centroamérica en los inicios de la integración. Estudia el comercio regional durante la década de los cincuenta. Señala la forma en que surgió el programa de integración económica y su soporte institucional. Analiza cada una de las etapas de dicho programa. Indica las características del mercado común, tales como zona de libre comercio y equiparación arancelaria. Examina las condiciones del desarrollo industrial integrado, desarrollo agrícola integrado, financiamiento de la integración y principales organismos de la integración/ACM  
650 |a AMERICA CENTRAL  
650 |a INTEGRACION ECONOMICA  
650 |a MCCA  
650 |a HISTORIA ECONOMICA  
999 |c 16011  |d 16011